000 00373nam a2200145Ia 4500
003 OSt
008 200919s9999||||xx |||||||||||||| ||und||
041 _amal
082 _a894.812 3
_bNEE-M
100 _aNeelakanda Pillai Karoor
_94758
245 0 _aPoombazham
260 _aKottayam
_bSahitya Pravarthaka Co-operative Society Limited
_c1963
300 _a100p
942 _cBK
999 _c17841
_d17841